Stray Kids Members - Statistics

General Stats
  • This quiz has been taken 643 times
  • The average score is 8 of 8
Answer Stats
Picture Answer % Correct
Bang Chan
99%
Felix
99%
Changbin
98%
I.N
98%
Han
97%
Hyunjin
97%
Lee Know
97%
Seungmin
95%
No matching quizzes found
Score Distribution
Percent of People with Each Score
Percentile by Number Answered
Your Score History
You have not taken this quiz